000 00693nam a2200205Ia 4500
003 IN-BaIIA
008 211028s9999 xx 000 0 eng d
040 _cIIA Library
080 _a535.8
_bDIB
100 _aDi Benedetto, B. A.
_912495
245 0 _aChemical vapor deposition of multispectral windows
_cB. A. Di Benedetto, Pappis J. and A. J. Capriulo
260 _aMassachusetts
_bAir Force Avionics Laboratory
_c1973
300 _aviii, 53p.
490 _aAFAL-TR-73-252
650 _aAstronomy and astrophysics thesaurus
650 _aVapor deposition
_912496
700 _aCapriulo, A. J.
_912497
700 _aPappis, J.
_912498
942 _cBK
999 _c7300
_d7300